[Event "24. European Club Cup 2008"]
[Site "Kallithea GRE"]
[Date "2008.10.19"]
[Round "3.7"]
[White "Tregubov, Pavel V"]
[Black "Huzman, Alexander"]
[Result "1/2-1/2"]
[WhiteElo "2646"]
[BlackElo "2590"]
[PlyCount "87"]
[EventDate "2008.10.17"]
[EventType "team-swiss"]
[EventRounds "7"]
[EventCountry "GRE"]
[Source "lmi"]
[SourceDate "2008.10.17"]
[WhiteTeam "Clichy"]
[BlackTeam "Beer Sheva"]

1. d4 d5 2. c4 c6 3. Nf3 Nf6 4. e3 Bg4 5. h3 Bxf3 6. Qxf3 e6 7. Nc3 Nbd7 8. Bd2
Bb4 9. Bd3 O-O 10. a3 dxc4 11. Bxc4 Bd6 12. Qe2 Qe7 13. O-O e5 14. dxe5 Bxe5
15. Rfd1 Nc5 16. Be1 Rad8 17. Rxd8 Rxd8 18. Rd1 Rxd1 19. Qxd1 Nce4 20. Nxe4
Nxe4 21. Qc2 g6 22. Bd3 Nc5 23. Be2 Ne6 24. b4 a6 25. Qd3 h5 26. Bd2 Qd8 27.
Qxd8+ Nxd8 28. f4 Bb2 29. a4 Ne6 30. Kf2 b5 31. axb5 axb5 32. Ke1 Nc7 33. Kd1
f5 34. Kc2 Bf6 35. Bf3 Nd5 36. e4 fxe4 37. Bxe4 Kf7 38. f5 gxf5 39. Bxf5 Be7
40. Kb3 c5 41. bxc5 Bxc5 42. Bd3 Ne3 43. g3 Nc4 44. Bxc4+ 1/2-1/2

[Event "24. European Club Cup 2008"]
[Site "Kallithea GRE"]
[Date "2008.10.19"]
[Round "3.7"]
[White "Pelletier, Yannick"]
[Black "Greenfeld, Alon"]
[Result "1/2-1/2"]
[WhiteElo "2557"]
[BlackElo "2560"]
[PlyCount "48"]
[EventDate "2008.10.17"]
[EventType "team-swiss"]
[EventRounds "7"]
[EventCountry "GRE"]
[Source "lmi"]
[SourceDate "2008.10.17"]
[WhiteTeam "Clichy"]
[BlackTeam "Beer Sheva"]

1. c4 c5 2. Nf3 Nc6 3. Nc3 Nf6 4. g3 d5 5. d4 e6 6. cxd5 Nxd5 7. Bg2 Be7 8. O-O
O-O 9. Nxd5 exd5 10. dxc5 Bxc5 11. Bg5 Qb6 12. Rc1 d4 13. Qc2 Bd6 14. Nd2 Be6
15. Ne4 Be7 16. Bxe7 Nxe7 17. Ng5 Bf5 18. Qc5 Rfe8 19. Qxb6 axb6 20. a3 h6 21.
Ne4 Rad8 22. Rfe1 Nc6 23. Nd2 Re6 24. f4 g5 1/2-1/2

[Event "24. European Club Cup 2008"]
[Site "Kallithea GRE"]
[Date "2008.10.19"]
[Round "3.7"]
[White "Khmelniker, Ilya"]
[Black "Edouard, Romain"]
[Result "1/2-1/2"]
[WhiteElo "2443"]
[BlackElo "2531"]
[PlyCount "78"]
[EventDate "2008.10.17"]
[EventType "team-swiss"]
[EventRounds "7"]
[EventCountry "GRE"]
[Source "lmi"]
[SourceDate "2008.10.17"]
[WhiteTeam "Beer Sheva"]
[BlackTeam "Clichy"]

1. d4 Nf6 2. c4 c5 3. d5 e6 4. Nc3 exd5 5. cxd5 d6 6. Nf3 g6 7. h3 Bg7 8. e4 a6
9. a4 Nbd7 10. Bd3 Nh5 11. Bg5 Bf6 12. Be3 Ne5 13. Be2 Nxf3+ 14. Bxf3 Ng7 15.
O-O Be5 16. Be2 f5 17. Qd2 O-O 18. f4 Bxc3 19. bxc3 fxe4 20. g4 h5 21. Qe1 Bd7
22. a5 Rb8 23. Qg3 Qf6 24. Rfc1 b5 25. axb6 Rxb6 26. Rxa6 Rxa6 27. Bxa6 Ra8 28.
Bf1 Ra3 29. Bg2 Rxc3 30. Rxc3 Qxc3 31. Bxe4 Qa1+ 32. Kh2 Qa2+ 33. Kg1 Qa4 34.
Bf3 Qb3 35. Qe1 hxg4 36. hxg4 Bb5 37. Kf2 Bc4 38. Qa5 Qa2+ 39. Qxa2 Bxa2
1/2-1/2

[Event "24. European Club Cup 2008"]
[Site "Kallithea GRE"]
[Date "2008.10.19"]
[Round "3.7"]
[White "Silva, Sebastain"]
[Black "Nabaty, Tamir"]
[Result "0-1"]
[WhiteElo "2375"]
[BlackElo "2456"]
[PlyCount "96"]
[EventDate "2008.10.17"]
[EventType "team-swiss"]
[EventRounds "7"]
[EventCountry "GRE"]
[Source "lmi"]
[SourceDate "2008.10.17"]
[WhiteTeam "Clichy"]
[BlackTeam "Beer Sheva"]

1. Nf3 c5 2. c4 Nc6 3. Nc3 Nf6 4. g3 d5 5. cxd5 Nxd5 6. Bg2 Nc7 7. d3 e5 8. Nd2
Bd7 9. O-O Be7 10. Nc4 f6 11. a4 O-O 12. a5 Qc8 13. Bd2 Bh3 14. Qa4 Bxg2 15.
Kxg2 Qe6 16. Ne3 Rfd8 17. Qc4 Nd4 18. Rfd1 Rab8 19. Qxe6+ Ncxe6 20. Kf1 Rbc8
21. Nc4 Rc6 22. Be3 Kf7 23. Bxd4 cxd4 24. Ne4 Rd5 25. Rdc1 Nc7 26. Ke1 Ke6 27.
Kd1 Rb5 28. e3 dxe3 29. fxe3 Nd5 30. Nc3 Nxc3+ 31. Rxc3 Rxb2 32. Nxb2 Rxc3 33.
Kd2 Ra3 34. Rxa3 Bxa3 35. Nc4 Bb4+ 36. Kc2 Kd5 37. Kb3 Be1 38. e4+ Kd4 39. Kc2
f5 40. Nd6 fxe4 41. Nxe4 Bxa5 42. Nd6 Kd5 43. Ne8 g5 44. Nf6+ Ke6 45. Nxh7 Bd8
46. Nf8+ Ke7 47. Ng6+ Kf6 48. Nf8 Be7 0-1

[Event "24. European Club Cup 2008"]
[Site "Kallithea GRE"]
[Date "2008.10.19"]
[Round "3.7"]
[White "Vydeslaver, Alik"]
[Black "Mullon, Jean-Baptiste"]
[Result "0-1"]
[WhiteElo "2399"]
[BlackElo "2354"]
[PlyCount "90"]
[EventDate "2008.10.17"]
[EventType "team-swiss"]
[EventRounds "7"]
[EventCountry "GRE"]
[Source "lmi"]
[SourceDate "2008.10.17"]
[WhiteTeam "Beer Sheva"]
[BlackTeam "Clichy"]

1. e4 c5 2. Nf3 Nc6 3. c3 Qa5 4. Na3 e6 5. Nc4 Qc7 6. d4 cxd4 7. Nxd4 Nxd4 8.
Qxd4 b5 9. Nd2 Nf6 10. Nb3 Rb8 11. e5 Nd5 12. Bd3 a5 13. O-O a4 14. Nd2 Bc5 15.
Qg4 Qxe5 16. Nf3 h5 17. Nxe5 hxg4 18. Nxg4 Bd6 19. g3 b4 20. c4 Ne7 21. Rd1 Bc7
22. Bf1 Bb7 23. Bg2 Nc6 24. b3 f5 25. Ne3 Be5 26. Rb1 axb3 27. axb3 Nd4 28. Bb2
Ne2+ 29. Kh1 Nc3 30. Re1 O-O 31. Bxb7 Rxb7 32. Ra1 Bd4 33. f3 f4 34. Nc2 Bf2
35. Rf1 fxg3 36. Kg2 d5 37. hxg3 Bc5 38. Ra5 Rc8 39. cxd5 Bb6 40. Raa1 Nxd5 41.
Nd4 Ne3+ 42. Kh3 Bxd4 43. Bxd4 Nxf1 44. Rxf1 Rd8 45. Be5 Rd3 0-1

[Event "24. European Club Cup 2008"]
[Site "Kallithea GRE"]
[Date "2008.10.19"]
[Round "3.8"]
[White "Efimenko, Zahar"]
[Black "Atlas, Valery"]
[Result "1-0"]
[WhiteElo "2680"]
[BlackElo "2465"]
[PlyCount "28"]
[EventDate "2008.10.17"]
[EventType "team-swiss"]
[EventRounds "7"]
[EventCountry "GRE"]
[Source "lmi"]
[SourceDate "2008.10.17"]
[WhiteTeam "Kiev"]
[BlackTeam "Hohenems"]

1. e4 c5 2. Nf3 e6 3. d4 cxd4 4. Nxd4 Nf6 5. Nc3 d6 6. Be3 Be7 7. g4 h5 8. gxh5
Nxh5 9. Bg2 Nc6 10. Nxc6 bxc6 11. e5 dxe5 12. Bxc6+ Bd7 13. Bxa8 Qxa8 14. Rg1
Qb7 1-0

[Event "24. European Club Cup 2008"]
[Site "Kallithea GRE"]
[Date "2008.10.19"]
[Round "3.10"]
[White "Macak, Stefan"]
[Black "Pavasovic, Dusko"]
[Result "1/2-1/2"]
[WhiteElo "2546"]
[BlackElo "2597"]
[PlyCount "23"]
[EventDate "2008.10.17"]
[EventType "team-swiss"]
[EventRounds "7"]
[EventCountry "GRE"]
[Source "lmi"]
[SourceDate "2008.10.17"]
[WhiteTeam "Kosice"]
[BlackTeam "Ptuj"]

1. e4 e5 2. Nf3 Nc6 3. Bb5 a6 4. Ba4 Nf6 5. O-O b5 6. Bb3 Bc5 7. d3 d6 8. a4
Rb8 9. axb5 axb5 10. h3 O-O 11. Nc3 Be6 12. Nd5 1/2-1/2

[Event "24. European Club Cup 2008"]
[Site "Kallithea GRE"]
[Date "2008.10.19"]
[Round "3.10"]
[White "Borisek, Jure"]
[Black "Molnar, Peter"]
[Result "1/2-1/2"]
[WhiteElo "2548"]
[BlackElo "2297"]
[PlyCount "103"]
[EventDate "2008.10.17"]
[EventType "team-swiss"]
[EventRounds "7"]
[EventCountry "GRE"]
[Source "lmi"]
[SourceDate "2008.10.17"]
[WhiteTeam "Ptuj"]
[BlackTeam "Kosice"]

1. e4 c5 2. Nf3 Nc6 3. d4 cxd4 4. Nxd4 g6 5. c4 Nf6 6. Nc3 Nxd4 7. Qxd4 d6 8.
Be2 Bg7 9. O-O O-O 10. Qe3 Be6 11. Bd2 Nd7 12. Rab1 a5 13. b3 Nc5 14. f4 Bd7
15. Rbd1 e6 16. Bf3 Qe7 17. Be1 Bc6 18. Ne2 Rfd8 19. Nd4 Be8 20. e5 dxe5 21.
fxe5 h6 22. Bg3 Rac8 23. Nb5 Bxb5 24. cxb5 b6 25. Rd6 Qc7 26. Rfd1 Bf8 27. Bc6
f5 28. h4 Kh7 29. Kh1 Bxd6 30. exd6 Qf7 31. Kg1 Nd7 32. Re1 e5 33. Bxe5 Re8 34.
Qd4 Rxe5 35. Rxe5 Nxe5 36. Qxe5 Qg7 37. Qe7 Rf8 38. Qe3 Qf6 39. Qf4 g5 40. Qd2
Kg7 41. d7 f4 42. Bf3 Rd8 43. h5 Qe5 44. Kh1 Kf8 45. Bg4 Ke7 46. Qc1 Rxd7 47.
Bxd7 Kxd7 48. Qc6+ Ke7 49. Qb7+ Ke8 50. Qc8+ Ke7 51. Qb7+ Ke8 52. Qc8+ 1/2-1/2

[Event "24. European Club Cup 2008"]
[Site "Kallithea GRE"]
[Date "2008.10.19"]
[Round "3.10"]
[White "Hlinka, Vasil"]
[Black "Maksimenko, Andrei"]
[Result "0-1"]
[WhiteElo "2203"]
[BlackElo "2536"]
[PlyCount "86"]
[EventDate "2008.10.17"]
[EventType "team-swiss"]
[EventRounds "7"]
[EventCountry "GRE"]
[Source "lmi"]
[SourceDate "2008.10.17"]
[WhiteTeam "Kosice"]
[BlackTeam "Ptuj"]

1. d4 e6 2. Nf3 d5 3. c4 c6 4. b3 Nf6 5. e3 Nbd7 6. Bd3 Bb4+ 7. Bd2 Bd6 8. Nc3
O-O 9. O-O Qe7 10. e4 dxc4 11. bxc4 e5 12. d5 h6 13. Re1 Nc5 14. Bc2 Bd7 15.
Rb1 Rfe8 16. h3 cxd5 17. cxd5 Rac8 18. Na4 b5 19. Nxc5 Bxc5 20. Bd3 a6 21. Qb3
Nh5 22. Bf1 Qf6 23. Be3 Nf4 24. Bxc5 Rxc5 25. Rbc1 Rec8 26. Rxc5 Rxc5 27. Kh2
Ng6 28. g3 Qd6 29. Bd3 Qc7 30. Qb1 Ne7 31. Ng1 Nc8 32. Ne2 Nd6 33. Rc1 a5 34.
Kg2 Kf8 35. Rxc5 Qxc5 36. Qb2 f6 37. Qc1 Nb7 38. f4 Qxc1 39. Nxc1 Ke7 40. Kf3
Kd6 41. Ke3 Nc5 42. Bf1 b4 43. h4 f5 0-1

[Event "24. European Club Cup 2008"]
[Site "Kallithea GRE"]
[Date "2008.10.19"]
[Round "3.10"]
[White "Rajnak, Daniel"]
[Black "Podkriznik, Gregor"]
[Result "1/2-1/2"]
[WhiteElo "2198"]
[BlackElo "2372"]
[PlyCount "84"]
[EventDate "2008.10.17"]
[EventType "team-swiss"]
[EventRounds "7"]
[EventCountry "GRE"]
[Source "lmi"]
[SourceDate "2008.10.17"]
[WhiteTeam "Kosice"]
[BlackTeam "Ptuj"]

1. d4 Nf6 2. Nf3 e6 3. e3 b6 4. b3 Bb7 5. Bb2 d5 6. Bd3 c5 7. O-O Nc6 8. c4 Be7
9. cxd5 exd5 10. dxc5 Bxc5 11. a3 O-O 12. b4 Be7 13. Nbd2 Rc8 14. Rc1 a5 15. b5
Nb8 16. Nd4 Rxc1 17. Qxc1 Ne4 18. Qc2 Nxd2 19. Qxd2 Bc5 20. Qc2 g6 21. Nb3 Bd6
22. Qc3 f6 23. Nd4 Qd7 24. Qb3 Bc5 25. Be2 Kg7 26. h3 Qd6 27. Rd1 Nd7 28. Nc6
Bxc6 29. bxc6 Qxc6 30. Rxd5 Ne5 31. Bb5 Qc8 32. a4 Rd8 33. Qd1 Rxd5 34. Qxd5
Qc7 35. Bd4 Bxd4 36. Qxd4 Nf7 37. Qd7 Qc5 38. Qc6 Nd6 39. Qxc5 bxc5 40. Bc6 f5
41. Kf1 Kf6 42. Ke2 h6 1/2-1/2

[Event "24. European Club Cup 2008"]
[Site "Kallithea GRE"]
[Date "2008.10.19"]
[Round "3.10"]
[White "Roskar, Robert"]
[Black "Tauber, Marek"]
[Result "1/2-1/2"]
[WhiteElo "2269"]
[BlackElo "2193"]
[PlyCount "92"]
[EventDate "2008.10.17"]
[EventType "team-swiss"]
[EventRounds "7"]
[EventCountry "GRE"]
[Source "lmi"]
[SourceDate "2008.10.17"]
[WhiteTeam "Ptuj"]
[BlackTeam "Kosice"]

1. e4 e5 2. Nf3 d6 3. Bc4 Be7 4. O-O Nf6 5. Re1 O-O 6. c3 c6 7. Bb3 Bg4 8. d4
Nbd7 9. Nbd2 Qc7 10. Nf1 d5 11. Ng3 dxe4 12. Nxe4 Nxe4 13. Rxe4 Nf6 14. Rxe5
Bd6 15. Re1 Bxh2+ 16. Kh1 Rfe8 17. Be3 Nd5 18. Bc2 g6 19. Bd3 Bf4 20. Bxf4 Qxf4
21. Be2 Qh6+ 22. Nh2 Bxe2 23. Rxe2 Nf4 24. Rxe8+ Rxe8 25. Qf3 Qg5 26. g3 Nd5
27. Ng4 h5 28. Ne5 f6 29. Nd3 h4 30. Kg2 hxg3 31. Qxg3 Qxg3+ 32. Kxg3 Re2 33.
Rd1 Kf7 34. Kf3 Re8 35. Rh1 Kg7 36. Rh4 Re7 37. Re4 Kf7 38. c4 Nc7 39. Rxe7+
Kxe7 40. Ke4 Kd6 41. Nc5 b6 42. Nd3 Ne6 43. Ne1 Ng5+ 44. Ke3 Ne6 45. Nf3 Nf8
46. Nh4 Ke6 1/2-1/2

[Event "24. European Club Cup 2008"]
[Site "Kallithea GRE"]
[Date "2008.10.19"]
[Round "3.11"]
[White "Landa, Konstantin"]
[Black "Melkumyan, Hrant"]
[Result "1-0"]
[WhiteElo "2613"]
[BlackElo "2541"]
[PlyCount "59"]
[EventDate "2008.10.17"]
[EventType "team-swiss"]
[EventRounds "7"]
[EventCountry "GRE"]
[Source "lmi"]
[SourceDate "2008.10.17"]
[WhiteTeam "Muehlheim"]
[BlackTeam "FIMA"]

1. Nf3 Nf6 2. c4 e6 3. g3 d5 4. Bg2 Be7 5. O-O O-O 6. d4 dxc4 7. Qc2 a6 8. Qxc4
b5 9. Qc2 Bb7 10. Bd2 Bd6 11. Re1 Nbd7 12. Ba5 Qe8 13. e4 e5 14. Nbd2 c5 15.
dxe5 Nxe5 16. Nxe5 Bxe5 17. Nf3 Rc8 18. Rad1 b4 19. Bh3 Rc6 20. a3 Bc7 21. e5
Bxa5 22. exf6 b3 23. Qxb3 Bxe1 24. fxg7 Kxg7 25. Rxe1 Qa8 26. Nh4 Rf6 27. Nf5+
Kh8 28. Qc3 Qd8 29. Re7 Qd1+ 30. Bf1 1-0

[Event "24. European Club Cup 2008"]
[Site "Kallithea GRE"]
[Date "2008.10.19"]
[Round "3.11"]
[White "Potkin, Vladimir"]
[Black "Hayrapetian, Arman"]
[Result "1-0"]
[WhiteElo "2613"]
[BlackElo "2402"]
[PlyCount "85"]
[EventDate "2008.10.17"]
[EventType "team-swiss"]
[EventRounds "7"]
[EventCountry "GRE"]
[Source "lmi"]
[SourceDate "2008.10.17"]
[WhiteTeam "Muehlheim"]
[BlackTeam "FIMA"]

1. d4 Nf6 2. c4 g6 3. g3 Bg7 4. Bg2 O-O 5. Nc3 d6 6. Nf3 c6 7. O-O Qa5 8. e4 e5
9. h3 Re8 10. Re1 Nbd7 11. d5 c5 12. a3 Rf8 13. Bd2 Ne8 14. b4 Qd8 15. Rb1 h6
16. Qc1 Kh7 17. Qc2 b6 18. Na4 Ndf6 19. bxc5 bxc5 20. Nc3 Ng8 21. Rb2 f5 22.
Reb1 Nef6 23. Nh4 f4 24. Kh2 Nh5 25. Be1 Bf6 26. Nf3 fxg3+ 27. fxg3 Be7 28. Rb8
Rxb8 29. Rxb8 Qc7 30. Qb3 Ba6 31. Rxf8 Bxf8 32. Qa4 Qb7 33. Qe8 Qe7 34. Qa4 Bc8
35. Qc6 Bb7 36. Qa4 Bc8 37. Nd2 Nhf6 38. Nb3 h5 39. Na5 a6 40. Qc6 Qd8 41. Na4
Ne7 42. Qb6 Qd7 43. Nxc5 1-0

[Event "24. European Club Cup 2008"]
[Site "Kallithea GRE"]
[Date "2008.10.19"]
[Round "3.11"]
[White "Hambardzumian, Yuri"]
[Black "Saltaev, Mihail"]
[Result "0-1"]
[WhiteElo "2355"]
[BlackElo "2484"]
[PlyCount "120"]
[EventDate "2008.10.17"]
[EventType "team-swiss"]
[EventRounds "7"]
[EventCountry "GRE"]
[Source "lmi"]
[SourceDate "2008.10.17"]
[WhiteTeam "FIMA"]
[BlackTeam "Muehlheim"]

1. e4 c6 2. d4 d5 3. Nd2 dxe4 4. Nxe4 Bf5 5. Ng3 Bg6 6. h4 h6 7. Nf3 Nd7 8. h5
Bh7 9. Bd3 Bxd3 10. Qxd3 e6 11. Bf4 Qa5+ 12. Bd2 Qb6 13. O-O-O Ngf6 14. Ne4 Be7
15. Nxf6+ Nxf6 16. Qe2 c5 17. dxc5 Bxc5 18. Bc3 Bxf2 19. Nd4 Bxd4 20. Bxd4 Qa5
21. Bxf6 gxf6 22. Rh3 Rd8 23. Rxd8+ Qxd8 24. Qb5+ Qd7 25. Qc5 b6 26. Qc3 e5 27.
Qf3 f5 28. Qc3 Qd4 29. Qc6+ Ke7 30. Rd3 Qf4+ 31. Kd1 Qf1+ 32. Kd2 Qf2+ 33. Kc1
Qf4+ 34. Kd1 Qg4+ 35. Kc1 Qg5+ 36. Kb1 Kf8 37. Rd7 Kg7 38. Rxa7 Qxh5 39. a4 Rd8
40. Qxb6 Qd1+ 41. Ka2 Qd5+ 42. b3 Rd6 43. Qf2 f4 44. Rc7 Rg6 45. Rc5 Qe4 46.
Qf3 Qxf3 47. gxf3 e4 48. a5 e3 49. Re5 Ra6 50. Kb2 f6 51. Rh5 Kg6 52. Rh1 Rxa5
53. c4 Rh5 54. Rd1 Rh2+ 55. Kc3 Rf2 56. c5 e2 57. Rg1+ Kf7 58. Re1 Rxf3+ 59.
Kd4 Re3 60. c6 Ke6 0-1

[Event "24. European Club Cup 2008"]
[Site "Kallithea GRE"]
[Date "2008.10.19"]
[Round "3.12"]
[White "Bosman, Michiel"]
[Black "Arutinian, David"]
[Result "0-1"]
[WhiteElo "2346"]
[BlackElo "2584"]
[PlyCount "78"]
[EventDate "2008.10.17"]
[EventType "team-swiss"]
[EventRounds "7"]
[EventCountry "GRE"]
[Source "lmi"]
[SourceDate "2008.10.17"]
[WhiteTeam "LSG"]
[BlackTeam "Bank King"]

1. e4 c5 2. Nf3 d6 3. c3 Nf6 4. Qc2 Qc7 5. Bc4 Bg4 6. d4 Bxf3 7. gxf3 e6 8. Be3
Nbd7 9. Nd2 Be7 10. Rg1 O-O 11. Bd3 Rfc8 12. Qd1 cxd4 13. cxd4 e5 14. d5 Nh5
15. Nb3 Nb6 16. Bb5 Bd8 17. Kf1 a6 18. Rc1 Qe7 19. Be2 Nf4 20. Rg3 Nd7 21. Qd2
Nf6 22. Kg1 N6h5 23. Rg4 Qd7 24. Bd1 f5 25. exf5 Qxf5 26. Bc2 Qf7 27. Bxf4 Nxf4
28. Be4 h5 29. Rg3 Bh4 30. Rd1 Qf6 31. Na5 Rc7 32. Qe3 Rf8 33. Kf1 Bxg3 34.
hxg3 Nh3 35. Qb6 Rcf7 36. Nc4 Ng5 37. Rd2 Nxf3 38. Re2 Nd4 39. Rd2 Qg5 0-1

[Event "24. European Club Cup 2008"]
[Site "Kallithea GRE"]
[Date "2008.10.19"]
[Round "3.12"]
[White "Anastasian, Ashot"]
[Black "Van Wessel, Rudy"]
[Result "1/2-1/2"]
[WhiteElo "2565"]
[BlackElo "2307"]
[PlyCount "90"]
[EventDate "2008.10.17"]
[EventType "team-swiss"]
[EventRounds "7"]
[EventCountry "GRE"]
[Source "lmi"]
[SourceDate "2008.10.17"]
[WhiteTeam "Bank King"]
[BlackTeam "LSG"]

1. Nf3 Nf6 2. g3 d5 3. Bg2 c6 4. O-O Bf5 5. d3 e6 6. Nbd2 Nbd7 7. b3 Bc5 8. Bb2
O-O 9. Qe1 Qe7 10. e4 dxe4 11. dxe4 Bg6 12. a3 e5 13. Nh4 Rfd8 14. Nc4 Ne8 15.
Nxg6 hxg6 16. h4 Nd6 17. Qe2 Nxc4 18. Qxc4 b5 19. Qe2 g5 20. h5 Qe6 21. Bc1 Bd4
22. Bxg5 Bxa1 23. Bxd8 Bb2 24. Bg5 Bxa3 25. Kh2 Nf8 26. Bh3 Qe8 27. Ra1 Bc5 28.
Bd2 Ne6 29. c3 Bb6 30. b4 a5 31. bxa5 Rxa5 32. Rxa5 Bxa5 33. Kg2 Qd7 34. Qe3
Qd6 35. Bf5 Nf8 36. Bc1 c5 37. Bg4 b4 38. cxb4 cxb4 39. Be2 Bb6 40. Qf3 Bd4 41.
Bc4 Qf6 42. Qe2 Ne6 43. Bd2 Bc5 44. Bxe6 Qxe6 45. Qb5 Bf8 1/2-1/2

[Event "24. European Club Cup 2008"]
[Site "Kallithea GRE"]
[Date "2008.10.19"]
[Round "3.12"]
[White "Van Ketel, Raoul"]
[Black "Minasian, Artashes"]
[Result "0-1"]
[WhiteElo "2285"]
[BlackElo "2541"]
[PlyCount "58"]
[EventDate "2008.10.17"]
[EventType "team-swiss"]
[EventRounds "7"]
[EventCountry "GRE"]
[Source "lmi"]
[SourceDate "2008.10.17"]
[WhiteTeam "LSG"]
[BlackTeam "Bank King"]

1. d4 e6 2. c4 d5 3. Nc3 f5 4. g4 fxg4 5. Bg2 Nf6 6. e4 dxe4 7. Nxe4 Nc6 8. Be3
Bb4+ 9. Nc3 Bxc3+ 10. bxc3 O-O 11. Ne2 Na5 12. c5 Nd5 13. Qd3 b6 14. Bd2 Bb7
15. O-O bxc5 16. c4 Nb4 17. Bxb4 cxb4 18. Bxb7 Nxb7 19. Qe4 Nd6 20. Qxe6+ Kh8
21. Qxg4 Nxc4 22. Rad1 Qd5 23. Rfe1 Qf7 24. Qg2 Rae8 25. Ng3 Rxe1+ 26. Rxe1 Nd2
27. Re3 Qxa2 28. h3 Qb2 29. Kh2 Qxd4 0-1

[Event "24. European Club Cup 2008"]
[Site "Kallithea GRE"]
[Date "2008.10.19"]
[Round "3.12"]
[White "Chibukhchian, Artur"]
[Black "Kleijn, Christov"]
[Result "1/2-1/2"]
[WhiteElo "2455"]
[BlackElo "2283"]
[PlyCount "109"]
[EventDate "2008.10.17"]
[EventType "team-swiss"]
[EventRounds "7"]
[EventCountry "GRE"]
[Source "lmi"]
[SourceDate "2008.10.17"]
[WhiteTeam "Bank King"]
[BlackTeam "LSG"]

1. d4 Nf6 2. c4 g6 3. Nc3 Bg7 4. Nf3 O-O 5. Bg5 d6 6. e3 c6 7. Be2 Nbd7 8. Qc2
a6 9. O-O h6 10. Bh4 g5 11. Bg3 Re8 12. Rfd1 Nh5 13. b4 Nxg3 14. hxg3 e5 15. d5
c5 16. Ne4 Qc7 17. bxc5 Nxc5 18. Nxc5 Qxc5 19. Nd2 f5 20. Nb3 Qc7 21. c5 Bd7
22. Rac1 Rec8 23. g4 fxg4 24. Qg6 Be8 25. Qe4 h5 26. Bd3 Bf6 27. Qf5 Qg7 28.
cxd6 Bd7 29. Qe4 b6 30. Rc7 Bd8 31. Rc6 h4 32. g3 Qh6 33. Be2 hxg3 34. fxg3 Qh3
35. Bf1 Qxg3+ 36. Bg2 Kg7 37. Rdc1 Qh4 38. Rc7 Bxc7 39. Qxe5+ Kg8 40. dxc7 g3
41. Bh3 Bxh3 42. Nd4 Rf8 43. Ne6 Bxe6 44. Qxe6+ Kg7 45. Rc2 Rf2 46. Qd7+ Kg6
47. Rc6+ Rf6 48. Rxf6+ Kxf6 49. Qc6+ Kg7 50. Qd7+ Kg6 51. Qc6+ Kh5 52. Qc2 Rf8
53. Qh7+ Kg4 54. Qe4+ Kh5 55. Qh7+ 1/2-1/2

[Event "24. European Club Cup 2008"]
[Site "Kallithea GRE"]
[Date "2008.10.19"]
[Round "3.14"]
[White "Martin Alvarez, Inigo"]
[Black "Patuzzo, Fabrizio"]
[Result "1/2-1/2"]
[WhiteElo "2212"]
[BlackElo "2280"]
[PlyCount "87"]
[EventDate "2008.10.17"]
[EventType "team-swiss"]
[EventRounds "7"]
[EventCountry "GRE"]
[Source "lmi"]
[SourceDate "2008.10.17"]
[WhiteTeam "Iretza"]
[BlackTeam "Mendrisio"]

1. e4 c6 2. d4 d5 3. exd5 cxd5 4. c4 Nf6 5. Nc3 e6 6. Nf3 Be7 7. cxd5 Nxd5 8.
Bd3 Nc6 9. O-O O-O 10. Re1 Nf6 11. a3 b6 12. Bc2 Bb7 13. Qd3 Qc8 14. Bg5 Ba6
15. Qe3 Rd8 16. Rad1 Bc4 17. Ne5 Bd5 18. Qh3 Kf8 19. Bxf6 Bxf6 20. Qxh7 Ne7 21.
Qh8+ Ng8 22. Bh7 Ke7 23. Nxd5+ Rxd5 24. Be4 Rd8 25. Nc6+ Kf8 26. Nxd8 Qxd8 27.
Bxa8 Qxa8 28. Qh3 Ne7 29. Qh8+ Ng8 30. Re3 g6 31. Qh3 Ne7 32. Rf3 Kg7 33. g4
Qe4 34. Rdd3 Nd5 35. Qg3 Bxd4 36. g5 e5 37. Qh3 Nf4 38. Rxf4 Qxf4 39. Qg3 Qc1+
40. Kg2 Bxb2 41. Qh4 Qc6+ 42. Kg1 Qc1+ 43. Kg2 Qc6+ 44. Kg1 1/2-1/2

[Event "24. European Club Cup 2008"]
[Site "Kallithea GRE"]
[Date "2008.10.19"]
[Round "3.15"]
[White "Socko, Bartosz"]
[Black "Parker, Jonathan"]
[Result "1/2-1/2"]
[WhiteElo "2631"]
[BlackElo "2538"]
[PlyCount "108"]
[EventDate "2008.10.17"]
[EventType "team-swiss"]
[EventRounds "7"]
[EventCountry "GRE"]
[Source "lmi"]
[SourceDate "2008.10.17"]
[WhiteTeam "Baden"]
[BlackTeam "Barbican"]

1. e4 e5 2. Nf3 Nc6 3. Bb5 Nf6 4. O-O Nxe4 5. d4 Nd6 6. Bxc6 dxc6 7. dxe5 Nf5
8. Qxd8+ Kxd8 9. Nc3 Ke8 10. h3 a5 11. a4 h6 12. Ne4 Ne7 13. Nd4 Nf5 14. Ne2
Be7 15. b3 h5 16. g4 hxg4 17. hxg4 Nh4 18. f3 f5 19. exf6 gxf6 20. Bb2 Kf7 21.
Kf2 Rg8 22. N2g3 f5 23. gxf5 Bxf5 24. Rg1 Rae8 25. Be5 Bxe4 26. Nxe4 Bd8 27.
Bc3 b6 28. Rad1 Nf5 29. Rd7+ Ke6 30. Rxg8 Rxg8 31. Rh7 Nd6 32. Ng3 Rf8 33. Ke3
Bg5+ 34. Ke2 Be7 35. Bd2 Rg8 36. Bf4 Rf8 37. Ke3 Rg8 38. Nh5 Ne8 39. Bg3 Bc5+
40. Ke4 Bd6 41. Rh6+ Kf7 42. f4 Bf8 43. Rxc6 Nd6+ 44. Ke5 Kg6 45. Nf6 Bg7 46.
Bh4 Rh8 47. Bg5 Ne8 48. Ke6 Nxf6 49. Rxc7 Re8+ 50. Re7 Rxe7+ 51. Kxe7 Ne4 52.
Bh4 Kf5 53. Kd7 Kxf4 54. Kc6 Ke3 1/2-1/2

[Event "24. European Club Cup 2008"]
[Site "Kallithea GRE"]
[Date "2008.10.19"]
[Round "3.15"]
[White "Collins, Sam E"]
[Black "Balogh, Csaba"]
[Result "0-1"]
[WhiteElo "2412"]
[BlackElo "2616"]
[PlyCount "86"]
[EventDate "2008.10.17"]
[EventType "team-swiss"]
[EventRounds "7"]
[EventCountry "GRE"]
[Source "lmi"]
[SourceDate "2008.10.17"]
[WhiteTeam "Barbican"]
[BlackTeam "Baden"]

1. e4 e5 2. Nf3 Nc6 3. Bb5 Nf6 4. O-O Nxe4 5. d4 Nd6 6. Bxc6 dxc6 7. dxe5 Nf5
8. Qxd8+ Kxd8 9. Nc3 Ke8 10. h3 h6 11. b3 a5 12. Bb2 h5 13. a4 Bb4 14. Ne4 h4
15. c4 Bd7 16. Bc3 Bxc3 17. Nxc3 Ke7 18. Ne4 Rad8 19. Rfd1 Be6 20. Kf1 b6 21.
Ke1 c5 22. Rxd8 Rxd8 23. Rd1 Nd4 24. Nxd4 cxd4 25. Ng5 c5 26. Kd2 Bd7 27. Re1
Bc6 28. Ne4 Rh8 29. Kd3 Rh5 30. f4 Rf5 31. Rf1 Bxe4+ 32. Kxe4 Ke6 33. g4 hxg3
34. h4 Rh5 35. f5+ Kd7 36. Rg1 Rxh4+ 37. Kf3 d3 38. Kxg3 Rd4 39. Kf3 d2 40. Ke2
d1=Q+ 41. Rxd1 Rxd1 42. Kxd1 g6 43. e6+ Ke7 0-1